<?xml version="1.0" encoding="UTF-8"?>
<record
    xmlns:xsi="http://www.w3.org/2001/XMLSchema-instance"
    xsi:schemaLocation="http://www.loc.gov/MARC21/slim http://www.loc.gov/standards/marcxml/schema/MARC21slim.xsd"
    xmlns="http://www.loc.gov/MARC21/slim">

  <leader>01389nam0a22003251  4500</leader>
  <controlfield tag="001">RU\NLR\A1SV\135077</controlfield>
  <controlfield tag="005">20251203171251.9</controlfield>
  <datafield tag="035" ind1=" " ind2=" ">
    <subfield code="a">(NLR Aleph) 010679812</subfield>
  </datafield>
  <datafield tag="090" ind1=" " ind2=" ">
    <subfield code="a">9642236</subfield>
    <subfield code="c">9642236</subfield>
  </datafield>
  <datafield tag="100" ind1=" " ind2=" ">
    <subfield code="a">20150205d1926    u  y0rusy50      ca</subfield>
  </datafield>
  <datafield tag="101" ind1="1" ind2=" ">
    <subfield code="a">rus</subfield>
    <subfield code="c">ger</subfield>
  </datafield>
  <datafield tag="102" ind1=" " ind2=" ">
    <subfield code="a">RU</subfield>
  </datafield>
  <datafield tag="200" ind1="1" ind2=" ">
    <subfield code="a">&#x421;&#x442;&#x435;&#x43A;&#x43B;&#x43E;</subfield>
    <subfield code="f">&#x414;-&#x440; &#x413;&#x430;&#x43D;&#x441; &#x428;&#x443;&#x43B;&#x44C;&#x446;, &#x43F;&#x440;&#x438;&#x432;.-&#x434;&#x43E;&#x446;. &#x412;&#x44B;&#x441;&#x448;. &#x442;&#x435;&#x445;&#x43D;. &#x448;&#x43A;. &#x432; &#x428;&#x430;&#x440;&#x43B;&#x43E;&#x442;&#x442;&#x435;&#x43D;&#x431;&#x443;&#x440;&#x433;&#x435;, &#x43D;&#x430;&#x443;&#x447;. &#x441;&#x43E;&#x442;&#x440;&#x443;&#x434;&#x43D;&#x438;&#x43A; &#x43E;&#x43F;&#x442;&#x438;&#x447;. &#x444;&#x438;&#x440;&#x43C;&#x44B; &#x410;&#x43A;&#x446;. &#x43E;-&#x432;&#x430; &#x413;&#x42D;&#x420;&#x426;</subfield>
    <subfield code="g">&#x41F;&#x435;&#x440;. &#x441; &#x43D;&#x435;&#x43C;. &#x43F;&#x43E;&#x434; &#x440;&#x435;&#x434;. [&#x438; &#x441; &#x43F;&#x440;&#x435;&#x434;&#x438;&#x441;&#x43B;.] &#x43F;&#x440;&#x43E;&#x444;. &#x410;.&#x41B;.&#x41A;&#x43E;&#x440;&#x43E;&#x43B;&#x44C;&#x43A;&#x43E;&#x432;&#x430;</subfield>
    <subfield code="g">&#x412;&#x421;&#x41D;&#x425; &#x421;&#x421;&#x421;&#x420;. &#x41F;&#x440;&#x43E;&#x438;&#x437;&#x432;&#x43E;&#x434;. &#x43E;&#x431;&#x44A;&#x435;&#x434;&#x438;&#x43D;&#x435;&#x43D;&#x438;&#x435; &#x432;&#x43E;&#x435;&#x43D;. &#x43F;&#x440;&#x43E;&#x43C;-&#x441;&#x442;&#x438; (&#x412;&#x43E;&#x435;&#x43D;. &#x431;. &#x413;&#x423;&#x412;&#x41F;). &#x41D;&#x430;&#x443;&#x447;.-&#x442;&#x435;&#x445;&#x43D;. &#x441;&#x43E;&#x432;.</subfield>
  </datafield>
  <datafield tag="210" ind1=" " ind2=" ">
    <subfield code="a">&#x41C;.</subfield>
    <subfield code="a">&#x41B;.</subfield>
    <subfield code="c">&#x426;&#x435;&#x43D;&#x442;&#x440;. &#x443;&#x43F;&#x440;. &#x43F;&#x435;&#x447;&#x430;&#x442;&#x438; &#x412;&#x421;&#x41D;&#x425; &#x421;&#x421;&#x421;&#x420;</subfield>
    <subfield code="d">1926</subfield>
  </datafield>
  <datafield tag="215" ind1=" " ind2=" ">
    <subfield code="a">161 &#x441;., 6 &#x43B;. &#x438;&#x43B;.</subfield>
    <subfield code="c">&#x442;&#x430;&#x431;&#x43B;., &#x433;&#x440;&#x430;&#x444;., &#x447;&#x435;&#x440;&#x442;.</subfield>
    <subfield code="d">23 &#x441;&#x43C;</subfield>
  </datafield>
  <datafield tag="300" ind1=" " ind2=" ">
    <subfield code="a">&#x41D;&#x430;&#x43F;&#x435;&#x447;. &#x432; &#x423;&#x43B;&#x44C;&#x44F;&#x43D;&#x43E;&#x432;&#x441;&#x43A;&#x435;</subfield>
  </datafield>
  <datafield tag="320" ind1=" " ind2=" ">
    <subfield code="a">&#x411;&#x438;&#x431;&#x43B;&#x438;&#x43E;&#x433;&#x440;.: &#x421;.6, 147-156</subfield>
  </datafield>
  <datafield tag="620" ind1=" " ind2=" ">
    <subfield code="d">&#x41C;&#x43E;&#x441;&#x43A;&#x432;&#x430;</subfield>
  </datafield>
  <datafield tag="620" ind1=" " ind2=" ">
    <subfield code="d">&#x421;&#x430;&#x43D;&#x43A;&#x442;-&#x41F;&#x435;&#x442;&#x435;&#x440;&#x431;&#x443;&#x440;&#x433;</subfield>
  </datafield>
  <datafield tag="700" ind1=" " ind2="1">
    <subfield code="a">&#x428;&#x443;&#x43B;&#x44C;&#x446;</subfield>
    <subfield code="b">&#x413;.</subfield>
    <subfield code="g">&#x413;&#x430;&#x43D;&#x441;</subfield>
  </datafield>
  <datafield tag="702" ind1=" " ind2="1">
    <subfield code="a">&#x41A;&#x43E;&#x440;&#x43E;&#x43B;&#x44C;&#x43A;&#x43E;&#x432;</subfield>
    <subfield code="b">&#x410;.&#x41B;.</subfield>
    <subfield code="f">1859-</subfield>
    <subfield code="g">&#x410;&#x43B;&#x435;&#x43A;&#x441;&#x435;&#x439; &#x41B;&#x44C;&#x432;&#x43E;&#x432;&#x438;&#x447;</subfield>
  </datafield>
  <datafield tag="801" ind1=" " ind2="0">
    <subfield code="a">RU</subfield>
    <subfield code="b">NLR</subfield>
    <subfield code="c">20150205</subfield>
  </datafield>
  <datafield tag="852" ind1=" " ind2=" ">
    <subfield code="a">NLR</subfield>
    <subfield code="j">27/814</subfield>
  </datafield>
  <datafield tag="899" ind1=" " ind2=" ">
    <subfield code="a">&#x423;&#x41E;&#x41D;&#x411;</subfield>
  </datafield>
  <datafield tag="899" ind1=" " ind2=" ">
    <subfield code="a">&#x41A;&#x438;&#x440;&#x41E;&#x423;&#x41D;&#x411;</subfield>
  </datafield>
  <datafield tag="899" ind1=" " ind2=" ">
    <subfield code="a">&#x420;&#x413;&#x411;</subfield>
  </datafield>
  <datafield tag="942" ind1=" " ind2=" ">
    <subfield code="c">BOOK</subfield>
  </datafield>
  <datafield tag="980" ind1=" " ind2=" ">
    <subfield code="a">NB</subfield>
  </datafield>
  <datafield tag="980" ind1=" " ind2=" ">
    <subfield code="a">A1SV</subfield>
  </datafield>
</record>
